003990000a2200121000450024501260000065000200012665000180014665000230016465100210018704100130020810000250022177300310024610aPotential of Brazil's forest sector for mitigating global warming under the Kyoto protocol's "clean develoment mechanism"14aDeforestación14aCambio global14aBosques tropicales 4pAmazonia, Brasil0 aInglés1 aFearnside, Philip M.1 tPreprint33q634-646d1998